00722nam a2200181 i 4500001000300000245018600003260001900189300003300208500005500241500001700296700003200313700003000345040000800375041000800383080001000391008004100401856009800442bg 0aFizika tonkich plenok. Sovremennoje sostojanie issledovanij i techniceskie primenenija /cPod obsc. red. Maurice[a] H. Francombe[a], Richard[a] W. Hoffman[a] ; Perev. s ang. - T. 6. aMoskva,c1973. as. 392 :brys., ilustr.,tab. a[Na k. tyt. red. :] Ch. M. Frankomb, R. U. Gofman. a[Alf. ros.].1 aFRANCOMBE, Maurice H.eRed.1 aHOFFMAN, Richard W.eRed. cBPK apol a538.9 s pl f |000 0 pol  uhttp://koha.tu.koszalin.pl/cgi-bin/koha/opac-detail.pl?biblionumber=15652yKatalog online BPK